My Son's Story /

Zapisane w:
Opis bibliograficzny
1. autor: Gordimer, Nadine (autor)
Format: Książka
Język:angielski
Wydane: Nueva York, EUA : Penguin, 1991, c1990
Seria:(Fiction Penguin)
Hasła przedmiotowe:
Etykiety: Dodaj etykietę
Nie ma etykietki, Dołącz pierwszą etykiete!

MARC

LEADER 00000nam^a2200000^a^4500
001 000139689
005 20250521000000.0
009 20260310095511.982
020 |a 0-14-01-5975-4 
037 |a Acervo ITESO - Biblioteca 
041 |a ING 
082 |a 823.  |b GOR 
100 |a Gordimer, Nadine  |e (autor) 
245 1 0 |a My Son's Story /  |c N. Gordimer. 
264 4 |a Nueva York, EUA :  |b Penguin,  |c 1991, c1990 
300 |a 277 p. 
336 |a texto  |b txt  |2 rdacontenido 
337 |a sin mediación  |b n  |2 rdamedio 
338 |a volumen  |b nc  |2 rdasoporte 
440 1 |a (Fiction Penguin) 
649 |a XX 
650 |a Novela Sudafricana 
650 |a Literatura Sudafricana -  |y Siglo XX 
650 |a Literatura de Mujeres -  |z Sudáfrica 
650 |a Literatura en Inglés -  |z Sudáfrica 
910 |a Fondo General 
920 |a Impresos - Libros 
930 |a Colección General 
940 |a Literatura 
905 |a 101 
901 |a 0500068050  |b IT1  |c LIT  |u 20250521 
902 |a https://opac.biblio.iteso.mx/vufind/Record/000139689